000 00967nam a2200301 4500
003 OSt
005 20260601193527.0
008 260421b2010 gw a|||| |||| 00| 0 spa d
020 _a9783836520942
040 _aICI
_bspa
_cICI
041 _aeng
050 _aNK1520
_bD57 2010
100 1 _aReis, Dalcacio,
_935976
245 1 _aProduct Design in the sustainable era
_cDalcacio Reis ; ed., Julius Wiedemann.
246 1 _aDiseño industrial en la era de la sostenibilidad
264 _bTASCHEN
_c2010
_aKöln
300 _a439 páginas
_bilustraciones, fotografías color
_c26 cm.
336 _atexto
_2rdacontent
337 _asin medio
_2rdamedia
338 _avolumen
_2rdacarrier
650 _aIndustrial design
_935977
650 _aDiseño industrial
_935978
650 _aDiseño sustentable
_935979
650 _aCommercial products
_935980
650 _aProductos comerciales
_935981
700 _aWiedemann, Julius
_eeditor
_935982
942 _2ddc
_cB
999 _c21235
_d21235